[Event "Queen's Birthday"]
[Site "Adelaide"]
[Date "2001.06.09"]
[Round "1.1"]
[White "Zaric, Srboljub"]
[Black "Wright, Bruce"]
[Result "1-0"]
[BlackElo "1611"]
[EventCountry "AUS"]
[EventDate "2001.06.09"]
[EventRounds "6"]
[EventType "swiss"]
[PlyCount "55"]
[WhiteElo "2174"]

1. e4 d6 2. d4 Nf6 3. Nc3 g6 4. Be2 Bg7 5. h4 { Pirc Defence:}  5... h6 6. h5 g5
7. f4 gxf4 8. Bxf4 c6 9. Qd2 Qa5 10. Nf3 b5 11. e5 dxe5 12. dxe5 b4 13. exf6
bxc3 14. fxg7 cxd2+ 15. Bxd2 Qxd2+ 16. Nxd2 Rg8 17. Bf3 a5 18. O-O-O Rxg7 19.
Rh4 Bd7 20. Nb3 Kd8 21. Nc5 Kc7 22. Rhd4 Bf5 23. Rd8 Ra7 24. Rh8 Rg5 25. Nd3
Nd7 26. Rxh6 Bxd3 27. Rxc6+ Kb8 28. Rxd3  1-0

[Event "Queen's Birthday"]
[Site "Adelaide"]
[Date "2001.06.09"]
[Round "1.2"]
[White "Peake, Michael"]
[Black "Cowley, Robert G"]
[Result "1-0"]
[BlackElo "2124"]
[EventCountry "AUS"]
[EventDate "2001.06.09"]
[EventRounds "6"]
[EventType "swiss"]
[PlyCount "91"]
[WhiteElo "1497"]

1. e4 c5 2. Nf3 e6 3. d4 cxd4 4. Nxd4 a6 5. Nc3 b5 6. Bd3 Bb7 { Sicilian
Defence: Kan Variation:}  7. Qe2 d6 8. Bd2 Nf6 9. a3 Nc6 10. Nf3 Be7 11. O-O
O-O 12. Rad1 Rc8 13. Rfe1 Qc7 14. b4 Rfd8 15. h3 Nd7 16. Na2 Bf6 17. c4 bxc4
18. Bxc4 Nd4 19. Nxd4 Qxc4 20. Bc3 d5 21. Qxc4 Rxc4 22. Ba1 dxe4 23. Nb3 Bxa1
24. Na5 Rc7 25. Nxb7 Rxb7 26. Rxa1 f5 27. Red1 Kf7 28. Rd6 Rb6 29. Rad1 Ke7 30.
R6d4 Rbb8 31. Rd6 Ne5 32. Rxd8 Rxd8 33. Rxd8 Kxd8 34. Nc3 Kc7 35. a4 Nd3 36. b5
axb5 37. Nxb5+ Kb6 38. Nd6 Ka5 39. g4 g6 40. Ne8 Ne5 41. gxf5 exf5 42. Nf6 h6
43. Kg2 Kxa4 44. Kg3 Kb3 45. Kf4 Nd3+ 46. Ke3 $138  1-0

[Event "Queen's Birthday"]
[Site "Adelaide"]
[Date "2001.06.09"]
[Round "1.3"]
[White "Wedding, Robin"]
[Black "Lutley, Philip"]
[Result "1-0"]
[BlackElo "1416"]
[EventCountry "AUS"]
[EventDate "2001.06.09"]
[EventRounds "6"]
[EventType "swiss"]
[PlyCount "45"]
[WhiteElo "1927"]

1. e4 c5 2. c3 d6 3. d4 cxd4 { Sicilian Defence:}  4. cxd4 Nf6 5. Nc3 a6 6. a4
e6 7. Be3 Nbd7 8. Bd3 b6 9. Nf3 Bb7 10. O-O h6 11. Qe2 Be7 12. Rac1 g5 13. Rfe1
e5 14. d5 Nc5 15. Nd2 Qb8 16. b4 Nxd3 17. Qxd3 Bc8 18. Nc4 b5 19. Nb6 bxa4 20.
Nxa8 Qxa8 21. Nxa4 Bd8 22. Nb6 Bxb6 23. Bxb6  1-0

[Event "Queen's Birthday"]
[Site "Adelaide"]
[Date "2001.06.09"]
[Round "1.4"]
[White "Cooke, Tristrom P"]
[Black "Sanders, Peter"]
[Result "0-1"]
[BlackElo "1875"]
[EventCountry "AUS"]
[EventDate "2001.06.09"]
[EventRounds "6"]
[EventType "swiss"]
[PlyCount "55"]
[WhiteElo "1288"]

1. e4 e6 2. f4 c5 3. Nf3 Nc6 4. Bb5 { Sicilian Defence:}  4... Qc7 5. Bxc6 bxc6
6. d3 Nf6 7. c4 d5 8. Nc3 Be7 9. O-O O-O 10. Ne2 dxe4 11. dxe4 Nxe4 12. Qd3 Nd6
13. b3 Bf6 14. Rb1 Nf5 15. Bb2 Rd8 16. Qe4 a5 17. Bxf6 gxf6 18. g4 Nd4 19.
Nfxd4 cxd4 20. Nxd4 Bb7 21. Qe3 c5 22. Nf3 Qc6 23. Kf2 a4 24. Rfd1 Rxd1 25.
Rxd1 axb3 26. Qxb3 Rxa2+ 27. Qxa2 Qxf3+ 28. Ke1  0-1

[Event "Queen's Birthday"]
[Site "Adelaide"]
[Date "2001.06.09"]
[Round "1.5"]
[White "Yang, Song"]
[Black "Schoech, Franz"]
[Result "1-0"]
[BlackElo "1212"]
[EventCountry "AUS"]
[EventDate "2001.06.09"]
[EventRounds "6"]
[EventType "swiss"]
[PlyCount "95"]
[WhiteElo "1826"]

1. e4 d5 2. exd5 Qxd5 3. Nc3 Qd8 4. Nf3 Nf6 5. d4 { Scandinavian Defence:}  5...
Bf5 6. Bc4 e6 7. O-O h6 8. Bf4 Bd6 9. Be5 Nc6 10. Re1 Qe7 11. Bxd6 Qxd6 12. d5
Nb4 13. dxe6 O-O-O 14. Qxd6 cxd6 15. Nd4 fxe6 16. Nxf5 exf5 17. Be6+ Kb8 18.
Bxf5 d5 19. a3 Nc6 20. Rad1 a6 21. f3 Rhe8 22. g4 d4 23. Ne2 Rd6 24. c3 Red8
25. cxd4 Nxd4 26. Rxd4 Rxd4 27. Nxd4 Rxd4 28. Kf2 Rd2+ 29. Re2 Rxe2+ 30. Kxe2
g5 31. Kd3 b6 32. Kd4 Kc7 33. Ke5 Ne8 34. Ke6 Nd6 35. Kf6 Nc4 36. Kg6 Nxb2 37.
Kxh6 Nc4 38. a4 Ne5 39. Be4 Kd6 40. Kxg5 Kc5 41. Kf4 Nf7 42. g5 Kb4 43. Bc2 b5
44. axb5 axb5 45. h4 Kc3 46. Bg6 Nh8 47. h5 b4 48. Be4  1-0

[Event "Queen's Birthday"]
[Site "Adelaide"]
[Date "2001.06.09"]
[Round "1.6"]
[White "Thiyagarajah, Prakash"]
[Black "Srdic, Goran"]
[Result "0-1"]
[BlackElo "1817"]
[EventCountry "AUS"]
[EventDate "2001.06.09"]
[EventRounds "6"]
[EventType "swiss"]
[PlyCount "57"]
[WhiteElo "1200"]

1. e4 e6 2. d4 d5 3. e5 c5 4. c3 Nc6 5. Nf3 Qb6 6. Bd3 Bd7 7. O-O Rc8 8. dxc5
Bxc5 9. Qe2 a5 10. Nbd2 a4 11. b3 f5 12. Bxf5 Nh6 13. Bc2 Nf7 14. b4 Bxb4 15.
Rb1 Qa5 16. cxb4 Nxb4 17. Bd3 Rc3 18. Ne1 Nxd3 19. Nxd3 Bb5 20. Qg4 Nd8 21.
Qxg7 Rf8 22. Rxb5 Qxb5 23. Nb2 a3 24. Nb3 axb2 25. Bxb2 Rc2 26. Ba3 Rf7 27.
Qg8+ Kd7 28. Nd4 Rcxf2 29. Qxf7+ { Following moves lost in time scramble.}  
0-1

[Event "Queen's Birthday"]
[Site "Adelaide"]
[Date "2001.06.09"]
[Round "2.1"]
[White "Srdic, Goran"]
[Black "Zaric, Srboljub"]
[Result "0-1"]
[BlackElo "2174"]
[EventCountry "AUS"]
[EventDate "2001.06.09"]
[EventRounds "6"]
[EventType "swiss"]
[PlyCount "92"]
[WhiteElo "1817"]

1. Nf3 c5 2. d4 e6 3. c4 Nf6 4. d5 b5 { Blumenfeld Counter Gambit:}  5. b3 bxc4
6. bxc4 exd5 7. cxd5 d6 8. e3 g6 9. Bb2 Bg7 10. Bb5+ Nbd7 11. O-O O-O 12. Bc3
Bb7 13. Bc6 Bxc6 14. dxc6 Nb6 15. a4 Qc7 16. Na3 Qxc6 17. Nb5 Rfd8 18. Rb1 a6
19. Na3 Nxa4 20. Ba5 Rdb8 21. Qd3 Nd7 22. Rbd1 Ne5 23. Nxe5 dxe5 24. Qd7 Qxd7
25. Rxd7 Nb2 26. Bc3 e4 27. Bxb2 Rxb2 28. Nc4 Rc2 29. Na3 Rc3 30. Nb1 Rc4 31.
Nd2 Rb4 32. Re7 f5 33. Rc7 Rd8 34. Nb1 c4 35. Na3 c3 36. Nc2 Rb2 37. Nd4 Bxd4
38. exd4 c2 39. Rc4 Kf7 40. h4 Ke6 41. Rc1 Rb1 42. Rxc2 Rxc1+ 43. Rxc1 Rxd4 44.
Rc6+ Rd6 45. Rc7 h5 46. Kf1 Kd5 { Following moves unknown.}   0-1

[Event "Queen's Birthday"]
[Site "Adelaide"]
[Date "2001.06.09"]
[Round "2.2"]
[White "Dakovic, Goran"]
[Black "Wedding, Robin"]
[Result "1-0"]
[BlackElo "1927"]
[EventCountry "AUS"]
[EventDate "2001.06.09"]
[EventRounds "6"]
[EventType "swiss"]
[PlyCount "98"]
[WhiteElo "1749"]

1. d4 Nf6 2. c4 e5 3. dxe5 Ng4 4. Nf3 Bc5 5. e3 Nc6 6. Bd2 O-O { Budapest
Gambit:}  7. Be2 Ngxe5 8. Nxe5 Nxe5 9. b4 Be7 10. Bc3 Bf6 11. O-O d6 12. Qc2
Be6 13. Nd2 Re8 14. Ne4 Nd7 15. Rfd1 Bxc3 16. Qxc3 f5 17. Ng3 Qf6 18. Qc2 Ne5
19. c5 d5 20. Nh5 Qf7 21. Qc3 Ng4 22. Nf4 Nf6 23. c6 Ne4 24. Qc2 b6 25. Rd4 a5
26. b5 Red8 27. a4 Qe7 28. Rad1 Nf6 29. h3 g6 30. Bf3 Qf7 31. R1d3 Rd6 32. Qd1
Rad8 33. Qd2 Ne4 34. Qc1 Nc5 35. Rc3 Ne4 36. Rcd3 Nc5 37. Rc3 Ne4 38. Rc2 Nc5
39. Kf1 Nb3 40. Qd1 Nxd4 41. Qxd4 Bc8 42. Be2 Qg7 43. Rd2 Be6 44. Bd1 Bf7 45.
Bb3 g5 46. Ne2 Re8 47. Qd3 Re4 48. Nd4 Bg6 49. f3 Re5 { Following moves
unknown.}   1-0

[Event "Queen's Birthday"]
[Site "Adelaide"]
[Date "2001.06.09"]
[Round "2.3"]
[White "Sanders, Peter"]
[Black "Peake, Michael"]
[Result "1-0"]
[BlackElo "1497"]
[EventCountry "AUS"]
[EventDate "2001.06.09"]
[EventRounds "6"]
[EventType "swiss"]
[PlyCount "99"]
[WhiteElo "1875"]

1. e4 e5 2. Nf3 Nc6 3. Bb5 d6 4. O-O a6 5. Ba4 Nf6 6. c3 Be7 7. Re1 O-O 8. h3
Be6 9. d4 exd4 10. cxd4 { Closed Ruy Lopez:}  10... d5 11. e5 Nd7 12. Nc3 h6
13. Bf4 Re8 14. Rc1 Nf8 15. Ne2 Bd7 16. Ng3 Ne6 17. Be3 Bg5 18. Bc2 Bxe3 19.
fxe3 Ne7 20. Rf1 Rf8 21. Nh5 g6 22. Nf6+ Kg7 23. Qe1 Bb5 24. Rf2 Ng8 25. Nh2
Nxf6 26. Rxf6 Ng5 27. a4 Bd7 28. Qh4 Nh7 29. Rcf1 Nxf6 30. exf6+ Kh7 31. Ng4
Bxg4 32. hxg4 Rh8 33. Qh5 c6 34. Rf3 Qf8 35. Rh3 Re8 36. g5 Re4 37. Bxe4 dxe4
38. Qxh6+ Qxh6 39. Rxh6+ Kg8 40. Rxh8+ Kxh8 41. Kh2 Kg8 42. Kg3 Kf8 43. Kf4 Ke8
44. Kxe4 Kd7 45. Ke5 b6 46. b4 b5 47. axb5 axb5 48. d5 Kc7 49. dxc6 Kxc6 50. e4
 1-0

[Event "Queen's Birthday"]
[Site "Adelaide"]
[Date "2001.06.09"]
[Round "2.4"]
[White "Guthrie, Aaron"]
[Black "Yang, Song"]
[Result "1-0"]
[BlackElo "1826"]
[EventCountry "AUS"]
[EventDate "2001.06.09"]
[EventRounds "6"]
[EventType "swiss"]
[PlyCount "83"]
[WhiteElo "1709"]

1. e4 c5 2. Nf3 d6 3. d4 cxd4 4. Nxd4 Nf6 5. Nc3 a6 6. Bc4 e6 7. Bb3 b5 8. O-O
Be7 9. Qf3 Qc7 10. Qg3 O-O 11. Bh6 Ne8 { Sicilian Defence: Najdorf Variation:} 
12. a3 Bf6 13. Rad1 Be5 14. Qg4 Bxd4 15. Rxd4 e5 16. Qg5 exd4 17. Nd5 Qc5 18.
Nf6+ Kh8 19. Bxg7+ Nxg7 20. Qh6 Bf5 21. exf5 Qxf5 22. Bd5 Qg6 23. Qf4 Ra7 24.
Be4 Ne6 25. Qh4 Kg7 26. Bxg6 hxg6 27. Ng4 Rh8 28. Qf6+ Kg8 29. Re1 Nd7 30. Qe7
Rc7 31. Rxe6 fxe6 32. Qd8+ Kf7 33. Qxc7 Ke7 34. h3 Rf8 35. Qa7 e5 36. Qxa6 Rb8
37. Qa7 Rc8 38. Nf6 Kxf6 39. Qxd7 Rxc2 40. Qxd6+ Kf5 41. g4+ Kf4 42. Qf6+  1-0

[Event "Queen's Birthday"]
[Site "Adelaide"]
[Date "2001.06.09"]
[Round "2.5"]
[White "Wright, Bruce"]
[Black "Schoech, Franz"]
[Result "1-0"]
[BlackElo "1212"]
[EventCountry "AUS"]
[EventDate "2001.06.09"]
[EventRounds "6"]
[EventType "swiss"]
[PlyCount "59"]
[WhiteElo "1611"]

1. d4 d5 2. c4 dxc4 3. e3 Bf5 4. Bxc4 { Queen's Gambit Accepted:}  4... c6 5.
Qb3 e6 6. Qxb7 Ne7 7. Qxa8 Nd5 8. Bxd5 exd5 9. Qxa7 Bd6 10. Nf3 Be4 11. Nbd2
Bg6 12. O-O O-O 13. a4 Re8 14. Qb7 Re7 15. Qb3 Na6 16. Nh4 Re6 17. Nxg6 Rxg6
18. g3 h5 19. e4 Bf4 20. Qf3 Qg5 21. Nb3 Bxc1 22. Raxc1 Nb4 23. Qf5 Qxf5 24.
exf5 Rf6 25. Na5 Kh7 26. Kg2 Nd3 27. Rxc6 Rxc6 28. Nxc6 Nxb2 29. a5 h4 30. gxh4
 1-0

[Event "Queen's Birthday"]
[Site "Adelaide"]
[Date "2001.06.09"]
[Round "2.7"]
[White "Lutley, Philip"]
[Black "Thiyagarajah, Prakash"]
[Result "1-0"]
[BlackElo "1200"]
[EventCountry "AUS"]
[EventDate "2001.06.09"]
[EventRounds "6"]
[EventType "swiss"]
[PlyCount "50"]
[WhiteElo "1416"]

1. b3 Nc6 2. Bb2 e5 3. e3 d5 4. Bb5 Bd6 { Larsen's Opening:}  5. Qe2 Ne7 6. c4
O-O 7. cxd5 Nb4 8. Bd3 Nexd5 9. a3 Nxd3+ 10. Qxd3 Be6 11. Nc3 Nxc3 12. Qxc3 Qg5
13. Kf1 Rad8 14. Nf3 Qg6 15. Ke2 f6 16. h3 e4 17. Nd4 Be5 18. Rag1 Qf7 19. Qc2
Bxd4 20. Bxd4 Bxb3 21. Qxe4 Rfe8 22. Qg4 Qc4+ 23. Kf3 Qd5+ 24. Kg3 Re4 25. Qf3
Qd6+  1-0

[Event "Queen's Birthday"]
[Site "Adelaide"]
[Date "2001.06.09"]
[Round "3.1"]
[White "Zaric, Srboljub"]
[Black "Dakovic, Goran"]
[Result "1-0"]
[BlackElo "1749"]
[EventCountry "AUS"]
[EventDate "2001.06.09"]
[EventRounds "6"]
[EventType "swiss"]
[PlyCount "89"]
[WhiteElo "2174"]

1. e4 e6 2. d4 d5 3. Nc3 Bb4 4. e5 c5 5. a3 Bxc3+ 6. bxc3 c4 7. Qg4 { French
Defence:}  7... Kf8 8. a4 Nc6 9. Ba3+ Nge7 10. Ne2 Kg8 11. h4 h5 12. Qg5 Ng6
13. Qxd8+ Nxd8 14. a5 Nc6 15. Bc5 Nf8 16. Nf4 Nd7 17. Bd6 g6 18. Be2 Kg7 19.
Kd2 Re8 20. Nh3 Ne7 21. g4 hxg4 22. Bxg4 Nf5 23. Bxf5 exf5 24. Nf4 Nf8 25.
Bxf8+ Kxf8 26. Nxd5 Bd7 27. Nf6 Bc6 28. Rh2 Red8 29. Ke3 Kg7 30. Kf4 Rh8 31. d5
Be8 32. Rb1 b5 33. axb6 axb6 34. Rxb6 Ra2 35. f3 Ra3 36. h5 Rxc3 37. h6+ Rxh6
38. Nxe8+ Kh7 39. Nf6+ Kg7 40. Rxh6 Kxh6 41. d6 g5+ 42. Kxf5 Rxf3+ 43. Kg4 Rf4+
44. Kg3 Rd4 45. d7  1-0

[Event "Queen's Birthday"]
[Site "Adelaide"]
[Date "2001.06.09"]
[Round "3.2"]
[White "Guthrie, Aaron"]
[Black "Sanders, Peter"]
[Result "1-0"]
[BlackElo "1875"]
[EventCountry "AUS"]
[EventDate "2001.06.09"]
[EventRounds "6"]
[EventType "swiss"]
[PlyCount "75"]
[WhiteElo "1709"]

1. e4 c5 2. Nf3 Nc6 3. d4 cxd4 4. Nxd4 Nf6 5. Nc3 e5 6. Ndb5 d6 7. Bg5 a6 8. Na3
b5 9. Bxf6 gxf6 10. Nd5 Bg7 11. Bd3 Be6 12. c3 f5 13. Qh5 f4 14. Nc2 O-O 15.
O-O { Sicilian Defence: Pelikan Variation:}  15... Ne7 16. Ncb4 a5 17. Nxe7+
Qxe7 18. Nc2 Qd7 19. Qe2 Rab8 20. Rfd1 Rfc8 21. Kh1 Kh8 22. f3 Rc5 23. Rd2 Rb6
24. Qf2 Rb8 25. Qe2 Bf6 26. a3 Bd8 27. Qf2 Bb6 28. Qh4 Bd8 29. Qf2 Be7 30. Qe1
Qc7 31. Qe2 d5 32. Rad1 dxe4 33. Bxe4 Bc4 34. Bd3 Bb3 35. Qe4 f5 36. Qxf5 Bf8
37. Be4 Bg8 38. Rd7  1-0

[Event "Queen's Birthday"]
[Site "Adelaide"]
[Date "2001.06.09"]
[Round "3.3"]
[White "Wedding, Robin"]
[Black "Wright, Bruce"]
[Result "1-0"]
[BlackElo "1611"]
[EventCountry "AUS"]
[EventDate "2001.06.09"]
[EventRounds "6"]
[EventType "swiss"]
[PlyCount "61"]
[WhiteElo "1927"]

1. e4 d6 2. d4 Nf6 3. Nc3 g6 4. Be2 Bg7 5. h4 { Pirc Defence:}  5... h6 6. Be3
c6 7. a4 Qa5 8. Qd2 b5 9. b4 Qxb4 10. Rb1 Qa5 11. axb5 Bb7 12. bxc6 Bxc6 13. d5
Bd7 14. Nf3 a6 15. O-O Ng4 16. Bd4 O-O 17. Bxg7 Kxg7 18. Qd4+ Nf6 19. Nd2 Qc5
20. Qxc5 dxc5 21. Rb7 a5 22. Nc4 Bc8 23. Rxe7 Nbd7 24. Nd6 Nb6 25. Rb1 Ng8 26.
Rc7 Nd7 27. Nxc8 Rfxc8 28. Rxd7 a4 29. Rbb7 Rf8 30. e5 a3 31. Bc4  1-0

[Event "Queen's Birthday"]
[Site "Adelaide"]
[Date "2001.06.09"]
[Round "3.4"]
[White "Cooke, Tristrom P"]
[Black "Cowley, Robert G"]
[Result "0-1"]
[BlackElo "2124"]
[EventCountry "AUS"]
[EventDate "2001.06.09"]
[EventRounds "6"]
[EventType "swiss"]
[PlyCount "72"]
[WhiteElo "1288"]

1. e4 c6 2. d4 d5 3. Bd3 dxe4 4. Bxe4 Nf6 { Caro-Kann: Advance Variation:}  5.
Nc3 Nxe4 6. Nxe4 Bf5 7. Ng3 Bg6 8. Nf3 Nd7 9. O-O e6 10. c3 Bd6 11. Ne2 Qc7 12.
Ng3 O-O-O 13. Nh4 e5 14. Ngf5 exd4 15. Nxd6+ Qxd6 16. Qxd4 Qxd4 17. cxd4 Nf6
18. Nxg6 hxg6 19. Rd1 Nd5 20. Bd2 f6 21. g3 g5 22. Rac1 Kd7 23. Kg2 g4 24. Re1
Rh5 25. Re4 f5 26. Re5 Rdh8 27. Rh1 g6 28. Ree1 R8h7 29. Ref1 Re7 30. Re1 Reh7
31. Ref1 Rh8 32. f4 Nf6 33. Re1 Ne4 34. Re2 Ke6 35. Bc3 Kd5 36. Kf1 Nxg3+  0-1

[Event "Queen's Birthday"]
[Site "Adelaide"]
[Date "2001.06.09"]
[Round "3.6"]
[White "Peake, Michael"]
[Black "Srdic, Goran"]
[Result "0-1"]
[BlackElo "1497"]
[EventCountry "AUS"]
[EventDate "2001.06.09"]
[EventRounds "6"]
[EventType "swiss"]
[PlyCount "80"]
[WhiteElo "1817"]

1. e4 e6 2. Nf3 d5 3. exd5 exd5 4. d4 Bg4 5. Be2 Bd6 { French Defence: Exchange
Variation:}  6. Nc3 Ne7 7. Be3 c6 8. Qd2 Qc7 9. h3 Bh5 10. Nh4 Bxe2 11. Nxe2
Nd7 12. Nf3 Nf6 13. Bf4 O-O 14. Bxd6 Qxd6 15. O-O Ng6 16. Rfe1 Ne4 17. Qd1 b5
18. Nd2 f5 19. f3 Ng5 20. Rf1 f4 21. Kh2 Nh4 22. Qe1 Nf5 23. Rh1 Rae8 24. Qf2
Ne3 25. c3 Re6 26. Kg1 Rfe8 27. Qh4 Nxg2 28. Qxg5 Rg6 29. Qxg6 hxg6 30. Nc1 Nh4
31. Rh2 Re3 32. Kf2 Qe7 33. Ncb3 a5 34. Rd1 a4 35. Nc1 Nf5 36. Nf1 Qh4+ 37. Kg2
Re8 38. Re1 Qxe1 39. Nd3 Nh4+ 40. Kg1 Nxf3+  0-1

[Event "Queen's Birthday"]
[Site "Adelaide"]
[Date "2001.06.09"]
[Round "3.8"]
[White "Schoech, Franz"]
[Black "Lutley, Philip"]
[Result "0-1"]
[BlackElo "1416"]
[EventCountry "AUS"]
[EventDate "2001.06.09"]
[EventRounds "6"]
[EventType "swiss"]
[PlyCount "80"]
[WhiteElo "1212"]

1. d4 d5 2. Nc3 c6 3. Nf3 Nf6 4. Bg5 Nbd7 5. e3 e6 6. Bd3 Bd6 7. e4 dxe4 8. Nxe4
Qc7 9. Qe2 h6 10. Nxd6+ Qxd6 11. Bh4 b5 12. c3 Bb7 13. Ne5 Nd5 14. Nxd7 Qxd7
15. Bg3 O-O-O 16. O-O f5 17. Be5 Nb6 18. b3 Qd5 19. Rac1 c5 20. f3 c4 21. bxc4
bxc4 22. Bc2 Rdg8 23. a4 Nd7 24. Rb1 a6 25. Rb4 Nxe5 26. dxe5 Qc5+ 27. Kh1 Bd5
28. Rfb1 Kc7 29. Qd1 Qe3 30. Rxc4+ Kd7 31. Rb7+ Kd8 32. Rcc7 Qxe5 33. Rd7+ Kc8
34. Ra7 Rd8 35. Rxd8+ Rxd8 36. Qf1 Bb7 37. h3 Qc5 38. Rxa6 Bxa6 39. Qxa6+ Kd7
40. Qb7+ Qc7 { Remaining moves unknown.}   0-1

[Event "Queen's Birthday"]
[Site "Adelaide"]
[Date "2001.06.10"]
[Round "4.1"]
[White "Zaric, Srboljub"]
[Black "Guthrie, Aaron"]
[Result "1-0"]
[BlackElo "1709"]
[EventCountry "AUS"]
[EventDate "2001.06.09"]
[EventRounds "6"]
[EventType "swiss"]
[PlyCount "93"]
[WhiteElo "2174"]

1. e4 c5 2. Nf3 d6 3. d4 cxd4 4. Qxd4 e5 5. Bb5+ Nd7 6. Qd3 h6 { Sicilian
Defence:}  7. c4 Nf6 8. Nc3 Be7 9. Be3 a6 10. Ba4 O-O 11. O-O Nb6 12. Bc2 Be6
13. Nd5 Bxd5 14. cxd5 Nfd7 15. b4 Re8 16. Bb3 Nf8 17. a4 Ng6 18. a5 Nd7 19. g3
Nf6 20. h3 Nh7 21. Bb6 Qc8 22. Kg2 Ng5 23. Ng1 f5 24. f3 f4 25. g4 Rf8 26. Bf2
Qd8 27. Ba4 Nh7 28. Bb6 Qb8 29. Rac1 Bd8 30. Bf2 b5 31. Bb3 Bh4 32. Qe2 Bg3 33.
Bb6 Qe8 34. Rc7 Rf7 35. Rfc1 Rxc7 36. Rxc7 Qf8 37. Qc2 Qf6 38. Kf1 Qh4 39. Qg2
Be1 40. Bf2 Qd8 41. Bb6 Qh4 42. Qc2 Bxb4 43. Qc6 Qe1+ 44. Kg2 Qg3+ 45. Kh1 Rf8
46. Qd7 Nh4 47. Qxg7#  1-0

[Event "Queen's Birthday"]
[Site "Adelaide"]
[Date "2001.06.10"]
[Round "4.2"]
[White "Cowley, Robert G"]
[Black "Yang, Song"]
[Result "0-1"]
[BlackElo "1826"]
[EventCountry "AUS"]
[EventDate "2001.06.09"]
[EventRounds "6"]
[EventType "swiss"]
[PlyCount "114"]
[WhiteElo "2124"]

1. e4 c5 2. Nf3 d6 3. d4 cxd4 4. Nxd4 Nf6 5. Nc3 g6 6. Be3 Bg7 7. f3 O-O 8. Qd2
Nc6 9. Bc4 Bd7 10. O-O-O Rc8 11. Bb3 Ne5 12. Kb1 Nc4 13. Bxc4 Rxc4 14. g4 b5
15. Ndxb5 { Sicilian Dragon: Yugoslav Attack:}  15... Bxb5 16. Nxb5 Qb8 17. Qa5
a6 18. Nd4 Rfc8 19. Rd2 Qb7 20. Nb3 Nxe4 21. fxe4 Qxe4 22. Qd5 Qxe3 23. Rf1 Qe6
24. Qxe6 fxe6 25. h3 Be5 26. c3 Bf4 27. Rd4 e5 28. Rd3 Re4 29. Nc1 Kf7 30. b3
Ke6 31. c4 g5 32. a4 Rc5 33. Na2 Re3 34. Rxe3 Bxe3 35. Nc3 Bf4 36. Kc2 Kd7 37.
Kd3 a5 38. Ke4 e6 39. Rf3 Rc8 40. Rd3 Rd8 41. Nb5 Kc6 42. Nc3 Kc5 43. Ne2 d5+
44. cxd5 exd5+ 45. Kf5 Re8 46. Nc3 d4 47. Ne4+ Kb4 48. Kf6 Rc8 49. Ke6 Rc3 50.
Nxc3 dxc3 51. Rd8 Kxb3 52. Rb8+ Kxa4 53. Rc8 Kb3 54. Rb8+ Kc2 55. Kd5 Kd2 56.
Kc4 c2 57. Rb2 Kd1  0-1

[Event "Queen's Birthday"]
[Site "Adelaide"]
[Date "2001.06.10"]
[Round "4.3"]
[White "Srdic, Goran"]
[Black "Wedding, Robin"]
[Result "1-0"]
[BlackElo "1927"]
[EventCountry "AUS"]
[EventDate "2001.06.09"]
[EventRounds "6"]
[EventType "swiss"]
[PlyCount "69"]
[WhiteElo "1817"]

1. Nf3 Nf6 2. d4 g6 3. c4 c5 4. Nc3 cxd4 5. Nxd4 Bg7 6. e4 d6 7. Be2 Nc6 8. Be3
Bd7 9. O-O O-O 10. Rc1 Rc8 { Symmetrical English:}  11. f3 Qa5 12. Qd2 Ne5 13.
Nd5 Qd8 14. b4 Ne8 15. Nb3 b6 16. b5 Be6 17. Nd4 Bxd5 18. cxd5 Nf6 19. Rxc8
Qxc8 20. Rc1 Qd7 21. Qc2 h5 22. h3 Qb7 23. Qc7 Rb8 24. Qxb7 Rxb7 25. Rc8+ Kh7
26. Nc6 e6 27. dxe6 fxe6 28. Nxe5 dxe5 29. Rc6 Re7 30. Bc4 Bh6 31. Bf2 Bd2 32.
Bxe6 Bb4 33. Bh4 Kg7 34. Bc4 Bc5+ 35. Kf1  1-0

[Event "Queen's Birthday"]
[Site "Adelaide"]
[Date "2001.06.10"]
[Round "4.4"]
[White "Sanders, Peter"]
[Black "Thiyagarajah, Prakash"]
[Result "1-0"]
[BlackElo "1200"]
[EventCountry "AUS"]
[EventDate "2001.06.09"]
[EventRounds "6"]
[EventType "swiss"]
[PlyCount "94"]
[WhiteElo "1875"]

1. e4 e5 2. Nf3 Nc6 3. Bb5 a6 4. Ba4 b5 5. Bb3 Nf6 6. O-O Be7 7. Re1 O-O 8. c3
d5 9. exd5 Nxd5 10. Nxe5 Nxe5 11. Rxe5 Nf6 12. d4 Bd6 13. Re2 Ng4 14. h3 Qh4 {
Closed Ruy Lopez: Marshall Attack:}  15. Be3 Bf5 16. Bc2 Bh2+ 17. Kf1 Nxe3+ 18.
Rxe3 Bxc2 19. Qxc2 Bf4 20. Re4 Rfe8 21. Nd2 Qh6 22. Nf3 Re6 23. Rae1 Rae8 24.
Rxe6 Rxe6 25. Rxe6 Qxe6 26. Qe2 Qxe2+ 27. Kxe2 Bd6 28. Kd3 f6 29. c4 c6 30. b3
Kf7 31. a4 Ke6 32. cxb5 cxb5 33. axb5 axb5 34. Nd2 Kd5 35. Nf1 Ba3 36. Ne3+ Kd6
37. Nf5+ Kd5 38. Nxg7 Bb2 39. Nf5 h5 40. Ne3+ Ke6 41. Ke4 Ba3 42. Nf5 Bf8 43.
d5+ Kf7 44. Nd4 b4 45. Nb5 Bc5 46. f3 Bf2 47. Kf5 Ke7  1-0

[Event "Queen's Birthday"]
[Site "Adelaide"]
[Date "2001.06.10"]
[Round "4.5"]
[White "Wright, Bruce"]
[Black "Dakovic, Goran"]
[Result "1-0"]
[BlackElo "1749"]
[EventCountry "AUS"]
[EventDate "2001.06.09"]
[EventRounds "6"]
[EventType "swiss"]
[PlyCount "72"]
[WhiteElo "1611"]

1. d4 d5 2. c4 e6 3. Nf3 Be7 4. Nc3 Nf6 5. Bg5 Nbd7 6. e3 O-O 7. Bd3 { Queen's
Gambit Declined:}  7... Re8 8. O-O b6 9. Qc2 h6 10. Bh4 c5 11. cxd5 Nxd5 12.
Bxe7 Nxe7 13. Rfd1 cxd4 14. Nxd4 Bb7 15. Ndb5 Qb8 16. Nd6 Rd8 17. Nxb7 Qxb7 18.
Be4 Nc6 19. Rd6 Nde5 20. Rad1 Rxd6 21. Rxd6 f5 22. Bxc6 Nxc6 23. Rxe6 Qd7 24.
Qxf5 Qd2 25. Qb1 Rf8 26. f3 Nb4 27. Ne4 Qxe3+ 28. Kh1 Kh8 29. Rd6 Rc8 30. Rd1
Nd3 31. h3 Nf4 32. Rf1 Ne2 33. Nc3 Ng3+ 34. Kh2 Qf4 35. Kg1 Rd8 36. Qg6 Nf5 
1-0

[Event "Queen's Birthday"]
[Site "Adelaide"]
[Date "2001.06.10"]
[Round "4.7"]
[White "Lutley, Philip"]
[Black "Cooke, Tristrom P"]
[Result "1-0"]
[BlackElo "1288"]
[EventCountry "AUS"]
[EventDate "2001.06.09"]
[EventRounds "6"]
[EventType "swiss"]
[PlyCount "98"]
[WhiteElo "1416"]

1. e4 e5 2. Nf3 d6 3. Bc4 Nf6 4. d4 { Philidor Defence:}  4... Be7 5. dxe5 dxe5
6. Qxd8+ Bxd8 7. Nxe5 O-O 8. Nc3 Nbd7 9. Nxd7 Bxd7 10. f3 c6 11. Be3 Re8 12.
O-O-O Bc7 13. Rd2 Rad8 14. Rhd1 Be6 15. Bxe6 Rxd2 16. Bxf7+ Kxf7 17. Rxd2 Bxh2
18. g4 Bb8 19. Kd1 Ke6 20. Ke2 h6 21. Rd1 b6 22. Kf2 Rf8 23. Kg2 h5 24. g5 Nd7
25. Rf1 Ne5 26. b3 Ng6 27. Ne2 Nf4+ 28. Nxf4+ Bxf4 29. Bxf4 Rxf4 30. Rd1 g6 31.
Kg3 Rf7 32. Rd8 Rg7 33. f4 c5 34. Kf3 Re7 35. Rf8 Rg7 36. Rf6+ Ke7 37. Kg3 Rg8
38. Kh4 Rg7 39. f5 Rh7 40. Rxg6 Kf7 41. Rc6 Kg8 42. Rc8+ Kg7 43. Rc7+ Kg8 44.
Rxh7 Kxh7 45. Kxh5 Kg7 46. e5 a5 47. f6+ Kf8 48. Kg6 b5 49. e6 c4  1-0

[Event "Queen's Birthday"]
[Site "Adelaide"]
[Date "2001.06.10"]
[Round "5.2"]
[White "Guthrie, Aaron"]
[Black "Srdic, Goran"]
[Result "0-1"]
[BlackElo "1817"]
[EventCountry "AUS"]
[EventDate "2001.06.09"]
[EventRounds "6"]
[EventType "swiss"]
[PlyCount "66"]
[WhiteElo "1709"]

1. e4 e6 2. d4 d5 3. Nd2 Be7 4. e5 c5 5. c3 Nc6 6. Ndf3 cxd4 7. cxd4 { French
Defence: Tarrasch Variation:}  7... Qb6 8. Bd3 Bd7 9. Ne2 Nh6 10. Bxh6 gxh6 11.
O-O Nb4 12. a4 Nxd3 13. Qxd3 O-O-O 14. Qd2 Kb8 15. Qxh6 Qxb2 16. Qe3 Rc8 17.
Rfb1 Qc2 18. a5 a6 19. Rb3 Qe4 20. Rab1 Rc7 21. Qd2 Rg8 22. Qb2 Bb5 23. Ng3 Qc2
24. Qxc2 Rxc2 25. Ne1 Ra2 26. Rf3 Rf8 27. Nd3 Rxa5 28. Nf4 Ra3 29. Rxa3 Bxa3
30. Rb3 Be7 31. Rf3 a5 32. Rb3 Bc4 33. Rb1 a4  0-1